[Event "IECC M1-2010.T052"]
[Site "IECC email"]
[Date "2010.07.02"]
[Round "?"]
[White "Robertson, John"]
[Black "Trasatti, Dante J"]
[Result "1-0"]
[WhiteElo "1112"]
[BlackElo "977"]
[PlyCount "35"]
[EventDate "2010.??.??"]
[EventType "match (corr)"]
[EventRounds "2"]
[SourceTitle "Telechess CBM 149"]
[Source "ChessBase"]
[SourceDate "2012.07.17"]
[SourceVersion "1"]
[SourceVersionDate "2012.07.17"]
[SourceQuality "1"]
[WhiteTeam "Australia"]
[BlackTeam "US of America"]
[WhiteTeamCountry "AUS"]
[BlackTeamCountry "USA"]

1. e4 e5 2. Nf3 d6 3. d4 Nc6 4. d5 Nd4 5. Nxd4 exd4 6. Qxd4 Nf6 7. Nc3 Be7 8. Bd3 c6 9. b4 0-0 10. 0-0 c5 11. bxc5 dxc5 12. Qe5 Bd6 13. Qg5 h6 14. Qe3 Ng4 15. Qe2 Nxh2 16. Re1 Be5 17. Bb2 Qh4 18. g3 1-0